00483nam a2200133Ia 4500008004100000041000800041100002700049245006600076260003700142300000900179700004100188999001900229952010100248250110s9999 xx 000 0 und d aeng aDusane Meghana9182656 aWaste Management Of Mahatma Phule Mandai And Surrounding Area bM.Arch Environmental, Punec2014 a209p aGuide Name:Kulkarni Prajakta9210331 c363523d363523 00104070aBNCAbBNCAd2014-06-13l0pBNCA-PR-1023r2025-01-10 00:00:00w2025-01-10yPRzPR1023